000 00379nam a2200133Ia 4500
008 220217s9999||||xx |||||||||||||| ||und||
020 _a81-312-0837-0
082 _a004.165 CUR
100 _aCurtis, Keith, E
_95885
245 0 _aEmbedded multitasking with small microcontroller
260 _aNewnes and Elsevier
_bNoida
_c2007
300 _b595
650 _aMICROPROCESSOR
999 _c177079
_d177079